| 000 | 01091nam a2200265Ia 4500 | ||
|---|---|---|---|
| 003 | OSt | ||
| 005 | 20221005104038.0 | ||
| 006 | a|||||r|||| 00| 0 | ||
| 007 | ta | ||
| 008 | 221004b |||||||| |||| 00| 0 san d | ||
| 020 | _c800 | ||
| 024 | _a10150 | ||
| 037 |
_b710, 22/03/2014, Vidyanidhi Prakashan _cTextual |
||
| 040 |
_aCRL _cCRL _bsan |
||
| 041 |
_2san _asan |
||
| 082 | _aR66,5x1,1, 152K5;Q1.1-.2 | ||
| 100 | _aआदिशंकराचार्य | ||
| 245 | 0 | _aब्रह्मसूत्रशाšरभाष्यम् | |
| 246 | _aBrahmasūtrashāšrabhāṣhyam | ||
| 260 |
_aदिल्ली _bचौखम्बा संस्कृत प्रतिष्ठान भारत _c2011 |
||
| 490 |
_vभाग 1 _aव्रजजीवन प्राच्यभारती ग्रन्थमाला; 122 |
||
| 650 | _aभारतीय दर्शन | ||
| 942 |
_hR66,5x1,1, 152K5;Q1.1-.2 _cTEXL _2cc |
||
| 999 |
_c1011579 _d1011579 |
||